[Event "HUN-ch rapid"]
[Site "Ajka"]
[Date "2018.07.20"]
[Round "5"]
[White "Koronghy, Gyula"]
[Black "Csonka, Balazs"]
[Result "1/2-1/2"]
[WhiteElo "2056"]
[BlackElo "2450"]
[PlyCount "32"]
[EventDate "2018.07.20"]
[EventType "swiss (rapid)"]
[EventRounds "13"]
[EventCountry "HUN"]
[SourceTitle "CBM 185 Extra"]
[Source "ChessBase"]
[SourceDate "2018.07.29"]
[SourceVersion "1"]
[SourceVersionDate "2018.07.29"]
[SourceQuality "1"]

1. e4 e5 2. Nf3 Nc6 3. Bc4 Nf6 4. d4 exd4 5. e5 d5 6. Bb5 Ne4 7. Nxd4 Bc5 8. 0-0 0-0 9. Nxc6 bxc6 10. Bxc6 Ba6 11. Qxd5 Bxf1 12. Bxa8 Qh4 13. g3 Bxf2+ 14. Kxf1 Qh3+ 15. Ke2 Qg4+ 16. Kf1 Qh3+ 1/2-1/2

[Event "HUN-chT2 Szechenyi 1617"]
[Site "Hungary"]
[Date "2017.02.26"]
[Round "9.4"]
[White "Koronghy, Gyula"]
[Black "Korcz, Sandor"]
[Result "1-0"]
[WhiteElo "2133"]
[BlackElo "1924"]
[PlyCount "51"]
[EventDate "2016.09.25"]
[EventType "team-tourn"]
[EventRounds "11"]
[EventCountry "HUN"]
[SourceTitle "EXT 2021"]
[Source "ChessBase"]
[SourceDate "2020.10.23"]
[SourceVersion "1"]
[SourceVersionDate "2020.10.23"]
[SourceQuality "1"]
[WhiteTeam "Ajka ASSE"]
[BlackTeam "Csuti Baki Agrocentrum"]
[WhiteTeamCountry "HUN"]
[BlackTeamCountry "HUN"]

1. e4 e6 2. d4 d5 3. exd5 exd5 4. Bd3 Nf6 5. Nc3 Be7 6. Bf4 c6 7. Nge2 Bg4 8. f3 Bh5 9. Qd2 Bg6 10. 0-0-0 0-0 11. g4 b5 12. Ng3 Re8 13. h4 Qa5 14. Kb1 Na6 15. h5 Bxd3 16. cxd3 Bb4 17. g5 Nd7 18. g6 Re6 19. gxh7+ Kxh7 20. Rdg1 Rg8 21. Nf5 Rf6 22. Nh4 c5 23. Be5 Nxe5 24. dxe5 d4 25. exf6 Bxc3 26. Qg5 1-0

[Event "HUN-chT2 Szechenyi 1617"]
[Site "Hungary"]
[Date "2016.12.11"]
[Round "6.4"]
[White "Juhasz, Nagy Sandor"]
[Black "Koronghy, Gyula"]
[Result "1/2-1/2"]
[WhiteElo "1916"]
[BlackElo "2133"]
[PlyCount "26"]
[EventDate "2016.09.25"]
[EventType "team-tourn"]
[EventRounds "11"]
[EventCountry "HUN"]
[SourceTitle "EXT 2021"]
[Source "ChessBase"]
[SourceDate "2020.10.23"]
[SourceVersion "1"]
[SourceVersionDate "2020.10.23"]
[SourceQuality "1"]
[WhiteTeam "Veszprem Ezust Huszar"]
[BlackTeam "Ajka ASSE"]
[WhiteTeamCountry "HUN"]
[BlackTeamCountry "HUN"]

1. d4 d5 2. c4 c6 3. e3 e6 4. Nf3 f5 5. Nc3 Nf6 6. Ne5 Bd6 7. f4 0-0 8. Bd3 Ne4 9. 0-0 Nd7 10. Bxe4 fxe4 11. c5 Nxe5 12. fxe5 Rxf1+ 13. Qxf1 Be7 1/2-1/2

[Event "Komarom Esztergom County-chT"]
[Site "Hungary"]
[Date "2012.12.16"]
[Round "4.2"]
[White "Koronghy, Gyula"]
[Black "Banszegi, Attila"]
[Result "0-1"]
[WhiteElo "2158"]
[BlackElo "2003"]
[PlyCount "88"]
[EventDate "2012.09.29"]
[EventType "team-tourn"]
[EventRounds "10"]
[EventCountry "HUN"]
[SourceTitle "EXT 2014"]
[Source "ChessBase"]
[SourceDate "2013.11.20"]
[SourceVersion "1"]
[SourceVersionDate "2013.11.20"]
[SourceQuality "1"]
[WhiteTeam "Almasfuezito"]
[BlackTeam "Kisber Aszar"]
[WhiteTeamCountry "HUN"]
[BlackTeamCountry "HUN"]

1. e4 e6 2. d4 d5 3. e5 c5 4. c3 Nc6 5. Nf3 Nge7 6. Bd3 cxd4 7. cxd4 Nf5 8. Bxf5 exf5 9. Nc3 Be6 10. h4 Be7 11. Be3 h6 12. Qd2 Qa5 13. Rc1 0-0-0 14. a3 Kb8 15. 0-0 Rdg8 16. b4 Qd8 17. Nb5 g5 18. Nd6 f4 19. Qc3 Bxd6 20. exd6 fxe3 21. b5 exf2+ 22. Rxf2 Na5 23. Ne5 Nc4 24. b6 Qxd6 25. bxa7+ Ka8 26. Rxf7 Nxe5 27. dxe5 Qb6+ 28. Rf2 Rc8 29. Qe1 Rxc1 30. Qxc1 Rf8 31. Qe1 Rxf2 32. Qxf2 Kxa7 33. hxg5 hxg5 34. a4 Qxf2+ 35. Kxf2 Kb6 36. Ke3 Kc5 37. a5 Kc4 38. g3 Kc3 39. g4 d4+ 40. Ke4 Kc4 41. Kf3 Kd3 42. Kg3 Ke3 43. Kh3 Kf2 44. Kh2 d3 0-1

[Event "Komarom Esztergom County-chT"]
[Site "Hungary"]
[Date "2012.10.14"]
[Round "2.1"]
[White "Szabo, Laszlo4444"]
[Black "Koronghy, Gyula"]
[Result "1/2-1/2"]
[WhiteElo "2063"]
[BlackElo "2158"]
[PlyCount "21"]
[EventDate "2012.09.29"]
[EventType "team-tourn"]
[EventRounds "10"]
[EventCountry "HUN"]
[SourceTitle "EXT 2014"]
[Source "ChessBase"]
[SourceDate "2013.11.20"]
[SourceVersion "1"]
[SourceVersionDate "2013.11.20"]
[SourceQuality "1"]
[WhiteTeam "Acsi Kinizsi SC"]
[BlackTeam "Almasfuezito"]
[WhiteTeamCountry "HUN"]
[BlackTeamCountry "HUN"]

1. e4 e5 2. Nf3 Nc6 3. Bb5 Bc5 4. 0-0 Nd4 5. Nxd4 Bxd4 6. c3 Bb6 7. d4 c6 8. Bc4 d6 9. dxe5 dxe5 10. Qxd8+ Bxd8 11. Be3 1/2-1/2

[Event "HUN-chT2 Erkel 1112"]
[Site "Hungary"]
[Date "2012.05.20"]
[Round "11.1"]
[White "Torok, Adam"]
[Black "Koronghy, Gyula"]
[Result "1/2-1/2"]
[WhiteElo "2143"]
[BlackElo "2168"]
[PlyCount "103"]
[EventDate "2011.09.25"]
[EventType "team-tourn"]
[EventRounds "11"]
[EventCountry "HUN"]
[SourceTitle "EXT 2013"]
[Source "ChessBase"]
[SourceDate "2012.11.22"]
[SourceVersion "1"]
[SourceVersionDate "2012.11.22"]
[SourceQuality "1"]
[WhiteTeam "Vizugy"]
[BlackTeam "Foti"]
[WhiteTeamCountry "HUN"]
[BlackTeamCountry "HUN"]

1. c4 e5 2. Nc3 d6 3. Nf3 f5 4. d3 Nf6 5. Bg5 Be7 6. Bxf6 Bxf6 7. Nd5 c6 8. Nxf6+ Qxf6 9. Rb1 0-0 10. g3 Na6 11. Qd2 e4 12. Ng5 h6 13. Nh3 g5 14. f4 exf3 15. exf3 f4 16. g4 Re8+ 17. Kd1 d5 18. cxd5 cxd5 19. Rc1 Bd7 20. Kc2 Rac8+ 21. Kb1 Rxc1+ 22. Kxc1 Rc8+ 23. Kb1 Ba4 24. b3 Be8 25. Be2 Bg6 26. Nf2 Qd4 27. Nd1 Nb4 28. Nb2 Rc2 29. Qxc2 Nxc2 30. Kxc2 Qc5+ 31. Kd2 Qe3+ 32. Ke1 Qd4 33. Nd1 Bxd3 34. Bxd3 Qxd3 35. Rf1 Kf7 36. Rf2 b5 37. Nb2 Qb1+ 38. Nd1 Ke6 39. Rd2 b4 40. Ke2 a5 41. Nf2 Qg1 42. Rd1 Qg2 43. h3 Ke5 44. Rd2 d4 45. Rd1 Kd5 46. Rd2 Kc5 47. Rc2+ Kd5 48. Rd2 Ke5 49. Rd1 Kd5 50. Rd2 Qg3 51. Rc2 Qg2 52. Rd2 1/2-1/2

[Event "HUN-chT2 Erkel 1112"]
[Site "Hungary"]
[Date "2012.02.19"]
[Round "6.3"]
[White "Koronghy, Gyula"]
[Black "Pesztericz, Laszlo"]
[Result "1/2-1/2"]
[WhiteElo "2168"]
[BlackElo "2130"]
[PlyCount "26"]
[EventDate "2011.09.25"]
[EventType "team-tourn"]
[EventRounds "11"]
[EventCountry "HUN"]
[SourceTitle "EXT 2013"]
[Source "ChessBase"]
[SourceDate "2012.11.22"]
[SourceVersion "1"]
[SourceVersionDate "2012.11.22"]
[SourceQuality "1"]
[WhiteTeam "Foti"]
[BlackTeam "Honved II"]
[WhiteTeamCountry "HUN"]
[BlackTeamCountry "HUN"]

1. d4 d5 2. e3 Bf5 3. Bd3 Bxd3 4. Qxd3 c6 5. Nf3 Nf6 6. 0-0 e6 7. Nbd2 Be7 8. c3 0-0 9. Ne5 Nbd7 10. Nxd7 Qxd7 11. e4 Nxe4 12. Nxe4 dxe4 13. Qxe4 Qd5 1/2-1/2

[Event "HUN-chT2 Maroczy 0809"]
[Site "Hungary"]
[Date "2009.03.08"]
[Round "9"]
[White "Koronghy, Gyula"]
[Black "Gombos, Janos"]
[Result "1/2-1/2"]
[WhiteElo "2175"]
[BlackElo "2043"]
[PlyCount "132"]
[EventDate "2008.10.26"]
[EventType "team-tourn"]
[EventRounds "11"]
[EventCountry "HUN"]
[SourceTitle "EXT 2010"]
[Source "ChessBase"]
[SourceDate "2010.11.25"]
[SourceVersion "1"]
[SourceVersionDate "2010.11.25"]
[SourceQuality "1"]
[WhiteTeam "MLTC II"]
[BlackTeam "Gyula"]
[WhiteTeamCountry "HUN"]
[BlackTeamCountry "HUN"]

1. e4 e5 2. Nf3 Nc6 3. Nc3 Nf6 4. d4 exd4 5. Nd5 Nxd5 6. exd5 Nb4 7. Bc4 Qe7+ 8. Kd2 Qc5 9. Re1+ Be7 10. Qe2 0-0 11. a3 Nxc2 12. Kxc2 b5 13. b4 d3+ 14. Qxd3 bxc4 15. Qe4 Qb5 16. Qxe7 a5 17. a4 Qxd5 18. Qe4 Qxe4+ 19. Rxe4 d5 20. Re5 c6 21. Ba3 f6 22. Re7 Bf5+ 23. Kc3 Rf7 24. bxa5 Rxe7 25. Bxe7 Kf7 26. Bb4 Rc8 27. Bc5 Ra8 28. Nd4 Bd7 29. Re1 Kg6 30. Re7 Bf5 31. Nxf5 Kxf5 32. Rxg7 Rxa5 33. Kb4 Ra8 34. a5 c3 35. Kxc3 Rxa5 36. Be3 c5 37. Rxh7 d4+ 38. Bxd4 cxd4+ 39. Kxd4 Ra2 40. g3 Rxf2 41. Ke3 Ra2 42. h4 Ra3+ 43. Kf2 Ra2+ 44. Kf3 Ra3+ 45. Kg2 Kg6 46. Rh8 Kf7 47. Rh5 Kg6 48. Rb5 Rc3 49. Kh3 Rc4 50. h5+ Kh6 51. Rf5 Ra4 52. g4 Ra3+ 53. Kh4 Ra6 54. Kg3 Rb6 55. Rc5 Rb1 56. Kf4 Rf1+ 57. Ke4 Rf2 58. Rf5 Re2+ 59. Kf3 Re6 60. Rd5 Re1 61. Kf4 Rf1+ 62. Ke4 Re1+ 63. Kf5 Rf1+ 64. Ke4 Re1+ 65. Kf3 Rf1+ 66. Ke4 Re1+ 1/2-1/2

[Event "HUN-chT2 Breyer 0607"]
[Site "Hungary"]
[Date "2007.03.04"]
[Round "6"]
[White "Koronghy, Gyula"]
[Black "Lantos, Attila"]
[Result "1-0"]
[WhiteElo "2168"]
[BlackElo "2039"]
[PlyCount "85"]
[EventDate "2006.11.12"]
[EventType "team"]
[EventRounds "11"]
[EventCountry "HUN"]
[SourceTitle "EXT 2008"]
[Source "ChessBase"]
[SourceDate "2007.11.25"]
[SourceVersion "1"]
[SourceVersionDate "2007.11.25"]
[SourceQuality "1"]
[WhiteTeam "BEAC Rufusz II"]
[BlackTeam "Penzugyor II"]
[WhiteTeamCountry "HUN"]
[BlackTeamCountry "HUN"]

1. e4 c5 2. Nf3 d6 3. c3 Nf6 4. Be2 Nc6 5. d4 cxd4 6. cxd4 Bg4 7. d5 Bxf3 8. gxf3 Nb8 9. Qb3 Qc7 10. Nc3 a6 11. Be3 Nbd7 12. Rc1 Rc8 13. 0-0 Qb8 14. Na4 b5 15. Rxc8+ Qxc8 16. Rc1 Qd8 17. Bxb5 axb5 18. Qxb5 g5 19. Nb6 Bg7 20. Rc8 Qxc8 21. Nxc8 0-0 22. Nxe7+ Kh8 23. Bxg5 Ne5 24. Kg2 h6 25. Bf4 Nh5 26. Bg3 Bf6 27. f4 Bxe7 28. fxe5 Rg8 29. Kf3 Nxg3 30. hxg3 dxe5 31. Qd7 Bc5 32. Qc6 Bf8 33. a4 Rg6 34. Qe8 Rf6+ 35. Ke2 Kg7 36. Qxe5 Bd6 37. Qd4 Bc7 38. e5 Rf5 39. d6 Bd8 40. f4 h5 41. Qe4 Kg6 42. b4 f6 43. e6 1-0

[Event "HUN-chT2 Szechenyi 0506"]
[Site "Hungary"]
[Date "2006.01.22"]
[Round "6"]
[White "Papp, Albert"]
[Black "Koronghy, Gyula"]
[Result "1/2-1/2"]
[WhiteElo "2102"]
[BlackElo "2195"]
[PlyCount "47"]
[EventDate "2005.10.16"]
[EventType "team"]
[EventRounds "11"]
[EventCountry "HUN"]
[SourceTitle "EXT 2009"]
[Source "ChessBase"]
[SourceDate "2008.11.26"]
[SourceVersion "1"]
[SourceVersionDate "2008.11.26"]
[SourceQuality "1"]
[WhiteTeam "Flesch"]
[BlackTeam "Sarvar"]
[WhiteTeamCountry "HUN"]
[BlackTeamCountry "HUN"]

1. d4 g6 2. c4 Bg7 3. Nc3 d6 4. e4 Nd7 5. Be3 e5 6. d5 Ne7 7. Bd3 0-0 8. Qd2 f5 9. Bh6 Nc5 10. Bxg7 Kxg7 11. Bc2 fxe4 12. Nxe4 Nxe4 13. Bxe4 Bf5 14. Bxf5 Nxf5 15. Nf3 c5 16. dxc6 bxc6 17. 0-0 c5 18. Rad1 Rb8 19. Qc1 Nd4 20. Nxd4 cxd4 21. Rd3 Qh4 22. c5 dxc5 23. Qxc5 Rxb2 24. Qxe5+ 1/2-1/2

[Event "HUN-chT2 Szechenyi 0405"]
[Site "Hungary"]
[Date "2005.04.24"]
[Round "11"]
[White "Gelle, Istvan"]
[Black "Koronghy, Gyula"]
[Result "1-0"]
[WhiteElo "2215"]
[BlackElo "2221"]
[PlyCount "99"]
[EventDate "2004.09.26"]
[EventType "team"]
[EventRounds "11"]
[EventCountry "HUN"]
[SourceTitle "EXT 2009"]
[Source "ChessBase"]
[SourceDate "2008.11.26"]
[SourceVersion "1"]
[SourceVersionDate "2008.11.26"]
[SourceQuality "1"]
[WhiteTeam "Ajka Banyasz"]
[BlackTeam "Sarvar"]
[WhiteTeamCountry "HUN"]
[BlackTeamCountry "HUN"]

1. d4 d5 2. Bf4 Nf6 3. e3 e6 4. Nd2 Bd6 5. Bg3 0-0 6. Ngf3 c5 7. c3 cxd4 8. exd4 Nc6 9. Bd3 Bxg3 10. hxg3 h6 11. Qe2 Bd7 12. 0-0-0 Rc8 13. Kb1 b5 14. Ne5 b4 15. Nxc6 Bxc6 16. cxb4 Qb6 17. g4 Qxb4 18. g5 Ne4 19. Nxe4 dxe4 20. Bxe4 Bxe4+ 21. Qxe4 Rb8 22. b3 Rb5 23. gxh6 g6 24. h7+ Kh8 25. Rh3 a5 26. Qf4 f6 27. Qe4 a4 28. Qxe6 axb3 29. Rxb3 Qa4 30. Rd2 Rxb3+ 31. Qxb3 Qa7 32. Ka1 Re8 33. Rd1 Kxh7 34. d5 Rb8 35. Qc3 Ra8 36. Qc4 Kg7 37. d6 Qxf2 38. d7 Qb6 39. g4 Rb8 40. Qc3 Rd8 41. g5 Qe6 42. Re1 Qd6 43. gxf6+ Kf8 44. f7 Qxd7 45. Qh8+ Kxf7 46. Rf1+ Ke6 47. Qf6+ Kd5 48. Rd1+ Kc4 49. Rxd7 Rxd7 50. Qc6+ 1-0

[Event "HUN-chT2 Szechenyi 0304"]
[Site "Hungary"]
[Date "2004.04.04"]
[Round "10"]
[White "Szilasi, Imre"]
[Black "Koronghy, Gyula"]
[Result "1/2-1/2"]
[WhiteElo "2023"]
[BlackElo "2230"]
[PlyCount "68"]
[EventDate "2003.09.28"]
[EventType "team"]
[EventRounds "11"]
[EventCountry "HUN"]
[SourceTitle "EXT 2009"]
[Source "ChessBase"]
[SourceDate "2008.11.26"]
[SourceVersion "1"]
[SourceVersionDate "2008.11.26"]
[SourceQuality "1"]
[WhiteTeam "Arboretum"]
[BlackTeam "Sarvar"]
[WhiteTeamCountry "HUN"]
[BlackTeamCountry "HUN"]

1. c4 e5 2. Nc3 d6 3. e3 g6 4. b3 Bg7 5. Bb2 Ne7 6. g3 0-0 7. Bg2 c6 8. Nge2 d5 9. cxd5 cxd5 10. d4 e4 11. 0-0 Nbc6 12. f3 f5 13. f4 Be6 14. Qd2 Qd7 15. Na4 b6 16. Ba3 Bf6 17. Nec3 Rf7 18. Rf2 g5 19. Ne2 Ng6 20. Nac3 h6 21. Raf1 Be7 22. Bxe7 Ncxe7 23. Rc1 Kh7 24. Rc2 Ng8 25. Rf1 Rc8 26. Rfc1 gxf4 27. Nxf4 Nxf4 28. exf4 Qe8 29. Bf1 Nf6 30. Nd1 Rxc2 31. Rxc2 Rg7 32. Ne3 Nh5 33. Kh1 Nf6 34. Bh3 Qh5 1/2-1/2

[Event "HUN-chT2 Szechenyi 0304"]
[Site "Hungary"]
[Date "2004.02.22"]
[Round "8"]
[White "Mezei, Zsolt"]
[Black "Koronghy, Gyula"]
[Result "1/2-1/2"]
[WhiteElo "2100"]
[BlackElo "2230"]
[PlyCount "63"]
[EventDate "2003.09.28"]
[EventType "team"]
[EventRounds "11"]
[EventCountry "HUN"]
[SourceTitle "EXT 2009"]
[Source "ChessBase"]
[SourceDate "2008.11.26"]
[SourceVersion "1"]
[SourceVersionDate "2008.11.26"]
[SourceQuality "1"]
[WhiteTeam "Veszprem"]
[BlackTeam "Sarvar"]
[WhiteTeamCountry "HUN"]
[BlackTeamCountry "HUN"]

1. e4 e5 2. Nf3 Nc6 3. d4 exd4 4. Nxd4 Bc5 5. Be3 Qf6 6. c3 Nge7 7. Bc4 0-0 8. 0-0 a6 9. a4 Ne5 10. Bb3 d6 11. Nc2 Bxe3 12. Nxe3 Be6 13. Nd2 Nd3 14. Rb1 Nf4 15. Qf3 Neg6 16. g3 Nh3+ 17. Kg2 Qxf3+ 18. Kxf3 Ng5+ 19. Ke2 Bxb3 20. Nxb3 Nxe4 21. f4 f5 22. Kf3 Rae8 23. Rfe1 c6 24. Nxf5 d5 25. Ne3 Rf7 26. Rbd1 Rfe7 27. Nc2 Kf7 28. Re3 h5 29. Rde1 Kf6 30. R1e2 b6 31. Nd2 Nxd2+ 32. Rxd2 1/2-1/2